La vida cristiana: teología moral fundamental
Gespeichert in:
| 1. Verfasser: | |
|---|---|
| Format: | Buch |
| Sprache: | Spanisch |
| Veröffentlicht: |
Santander
Sal Terrae
2007
|
| Schriftenreihe: | Presencia Teológica, 159
|
| Schlagworte: | |
| Tags: |
Tag hinzufügen
Keine Tags, Fügen Sie den ersten Tag hinzu!
|
MARC
| LEADER | 00000cam a2200000 a 4500 | ||
|---|---|---|---|
| 001 | UCI8192 | ||
| 003 | CL-VaPUC | ||
| 008 | 080813e20070000SP |||||||||||||||||spa|d | ||
| 020 | |a 9788429317190 | ||
| 082 | 0 | 4 | |a 241 |b MOR |2 21 |
| 100 | |a Mora Bartrés, Gaspar |e autor |9 479288 | ||
| 245 | 1 | 3 | |a La vida cristiana: teología moral fundamental |
| 300 | |a 486 p | ||
| 942 | |c BK | ||
| 945 | |d 20080813 00:00:00 |a rbrito | ||
| 260 | |a Santander |b Sal Terrae |c 2007 | ||
| 650 | 0 | |a Teología moral |9 256617 | |
| 650 | 0 | |a Valores morales |9 310604 | |
| 650 | 0 | |a Vida religiosa |9 257284 | |
| 650 | 0 | |a Moral cristiana |9 464237 | |
| 650 | 0 | |a Ética |9 255099 | |
| 583 | |a last modification |c 20170720 09:59:50 |k Rodrigo Vera | ||
| 490 | 0 | |a Presencia Teológica, 159 | |
| 999 | |c 331213 |d 331211 | ||
| 952 | |0 0 |1 0 |4 0 |6 241_000000000000000_MOR_2007 |7 0 |8 A |9 417459 |a BIBTEO |b BIBTEO |d 2019-11-22 |i 447242K |o 241 MOR 2007 |p 447242K |r 2025-01-17 |w 2019-11-22 |y BK |k ICR | ||
| 952 | |0 0 |1 0 |4 0 |6 241_000000000000000_MOR_2007 |7 0 |8 A |9 417460 |a BIBTEO |b BIBTEO |d 2019-11-22 |i 4472438 |o 241 MOR 2007 |p 4472438 |r 2025-01-17 |w 2019-11-22 |y BK |k ICR | ||
| 952 | |0 0 |1 0 |3 erb |4 0 |6 241_000000000000000_MOR_2007 |7 0 |8 A |9 417461 |a BIBTEO |b BIBTEO |i 5410355 |o 241 MOR 2007 |p 5410355 |r 2025-01-17 |w 2019-11-22 |y BK |z Catalogado en:20170721 |k ICR | ||